000 00345nam a22001337a 4500
003 OSt
008 150407b xxu||||| |||| 00| 0 eng d
100 1 _aKrieger, Richard
020 _a0-911989-13-7
041 _aeng
245 1 0 _aTrans-Mississippi Mails After the Fall of Vicksburg
260 _aNew York
_bPhilatelic Foundation
300 _a0 pages
999 _c1192
_d1192